LEADER 01606nam 2200361 n 450 001 996391537603316 005 20200824121008.0 035 $a(CKB)1000000000666020 035 $a(EEBO)2248515757 035 $a(UnM)99867454e 035 $a(UnM)99867454 035 $a(EXLCZ)991000000000666020 100 $a19940516d1655 uy | 101 0 $aeng 135 $aurbn||||a|bb| 200 14$aThe marrow of alchemy$b[electronic resource] $ebeing an experimental treatise, discovering the secret and most hidden mystery of the philosophers elixer. The second part. Containing three books, elucidating the practique of the art; in which the art is so plainly disclosed, as never any before did, for the benefit of young practitioners, and the convincing those who are in errors labyrinth. /$fBy Eirenæus Philoponos Philalethes 210 $aLondon, $cPrinted by R.I. for Edw. Brewster at the sign of the Crane in Pauls Church-yard.$d1655 215 $a[8], 61, [1] p 300 $aEirenæus Philoponos Philalethes = George Starkey (cf. Wing). 300 $aAnnotation on Thomason copy: "Jan. 4 1654"; the second 5 in the imprint date has been crossed out and replaced with a "4". 300 $aReproduction of the original in the British Library. 330 $aeebo-0018 606 $aAlchemy$vEarly works to 1800 615 0$aAlchemy 700 $aStarkey$b George$f1627-1665.$0887804 801 0$bCu-RivES 801 1$bCu-RivES 801 2$bCStRLIN 801 2$bWaOLN 906 $aBOOK 912 $a996391537603316 996 $aThe marrow of alchemy$92301975 997 $aUNISA LEADER 01304nam a22003255i 4500 001 991002240119707536 007 cr nn 008mamaa 008 121227s1991 de | s |||| 0|eng d 020 $a9783540474180 035 $ab14142995-39ule_inst 040 $aBibl. Dip.le Aggr. Matematica e Fisica - Sez. Matematica$beng 082 04$a515$223 084 $aAMS 34-XX 084 $aAMS 34C 245 00$aDelay differential equations and dynamical systems$h[e-book] :$bproceedings of a conference in honor of Kenneth Cooke held in Claremont, California, jan. 13-16, 1990 /$cedited by Stavros Busenberg, Mario Martelli 260 $aBerlin :$bSpringer,$c1991 300 $a1 online resource (viii, 249 p.) 440 0$aLecture Notes in Mathematics,$x0075-8434 ;$v1475 650 0$aMathematics 650 0$aGlobal analysis (Mathematics) 650 0$aBiology$xMathematics 700 1 $aBusenberg, Stavros 700 1 $aMartelli, Mario 773 0 $aSpringer eBooks 856 40$uhttp://dx.doi.org/10.1007/BFb0083474$zAn electronic book accessible through the World Wide Web 907 $a.b14142995$b03-03-22$c05-09-13 912 $a991002240119707536 996 $aDelay differential equations and dynamical systems$981351 997 $aUNISALENTO 998 $ale013$b05-09-13$cm$d@ $e-$feng$gde $h0$i0